Procedimientos civiles especiales.

Zapisane w:
Opis bibliograficzny
1. autor: Besser Valenzuela, Günther (coordinador)
Kolejni autorzy: Cortez Matcovich, Gonzalo (coordinador), Hidalgo Muñoz, Carlos (coordinador)
Format: Nieznany
Wydane: Santiago, Chile: Thomson Reuters, 2024.
Wydanie:Segunda edición
Seria:Tratados y Manuales
Hasła przedmiotowe:
Etykiety: Dodaj etykietę
Nie ma etykietki, Dołącz pierwszą etykiete!

MARC

LEADER 00000 a2200000 4500
003 CL-VaPUC
005 20241220120349.0
008 241219t2024 ||||| |||| 00| 0 eng d
999 |c 446345  |d 446343 
020 |a 978-956-400-578-2 
040 |c Pontificia Universidad Católica de Valparaíso 
082 7 |a 347.8305 BES 2024  |2 22 
100 |a Besser Valenzuela, Günther  |9 894984  |e coordinador 
245 |a Procedimientos civiles especiales. 
250 |a Segunda edición  
260 |a Santiago, Chile:  |b Thomson Reuters,  |c 2024. 
300 |a XXVII, 616 páginas. 
440 |a Tratados y Manuales  |9 894983 
583 |k GC  |c 20241219 
650 |a Procedimiento civil  |z Chile  |9 890903 
700 |a Cortez Matcovich, Gonzalo  |e coordinador  |9 861329 
700 |a Hidalgo Muñoz, Carlos   |e coordinador  |9 870736 
942 |2 ddc  |c BK 
952 |0 0  |1 0  |2 ddc  |4 0  |6 347_830500000000000_BES_2024  |7 0  |8 A  |9 598775  |a BIBDER  |b BIBDER  |d 2024-12-19  |e 31  |g 0.00  |i 5663723  |l 3  |o 347.8305 BES 2024  |p 5663723  |q 2025-04-30  |r 2025-04-16  |s 2025-04-16  |t 1  |v 0.00  |w 2024-12-19  |y BK  |k DER